000
00312nam a22001217a 4500
082
_a
347
_b
SIA
100
_a
Sial, Skindar Hayat
245
_a
Civil & Family Laws /
_c
Skindar Hayat Sial
260
_a
Lahore :
_b
Kazim Book House,
_c
2020.
300
_a
376 p. ;
_c
24 CM.
563
_a
HB.
942
_2
ddc
_c
BK
999
_c
615995
_d
615995